La Planificación de la prevención de los incendios forestales en la provincia de Barcelona

ISBN: 978-84-9803-358-8
Descripción Física: 253 p., taules, gràf., map. ; 29 cm

MARC

LEADER 00000nam a2200000Ia 4500
001 22182
008 160829s2009 xx 000 0 cat d
020 |a 978-84-9803-358-8 
080 |a C-3-250 
245 |a La Planificación de la prevención de los incendios forestales en la provincia de Barcelona 
260 |a Barcelona :  |b Diputació de Barcelona. Àrea d'Espais Naturals. Oficina Tècnica de Prevenció Municipal d'Incendis Forestals,  |c 2009 
300 |a 253 p., taules, gràf., map. ;  |c 29 cm 
490 |a Documents de treball. Territori ; 10 
590 |a Referències bibliogràfiques a cada capítol.  
590 |a Hi ha un exemplar en català amb R. 22181 
650 0 |a Incendis forestals  |x Prevenció i control  |9 50256 
710 |a Barcelona (Catalunya : Província).  |b Oficina Tècnica de Prevenció Municipal d'Incendis Forestals  |9 9456 
901 |a Arxiu 
942 |n 1 
952 |0 0  |1 0  |4 0  |6 C3250  |7 1  |9 51262  |a Arxiu  |b Arxiu  |d 2016-12-01  |l 0  |o C-3-250  |p 22182  |r 2016-12-01 00:00:00  |w 2016-12-01  |y ARXIU 
999 |c 55106  |d 55106